000 00307nam a22001337a 4500
008 171002b xxu||||| |||| 00| 0 eng d
020 _a9780471151654
041 _aeng
080 _27 ED
_a37
100 _a47
101 _aEDU
245 _aSUPERVISION FOR TODAYS SCHOOLS
_cOLIVA.P.F
942 _2udc
_cBK
999 _c31048
_d31048